000 00578nam a2200193Ia 4500
005 20250508155942.0
008 008 250505s9999 xx 000 0 eng d
037 _aTextual
040 _aFEDL
_beng
_cFEDL
041 _aeng
_2eng
084 _a371.42, ROB
_qFEDL
100 _aRoberts Roy W.
_9758435
245 0 _aVocational and practical arts education history, development, and principles
250 _a2nd
260 _aNew York, USA
_bHarper and Row Publishers
_c1965
300 _avi,596p.
942 _cTEXL
_h371.42, ROB
999 _c1360370
_d1360370